| 000 | 00498nam a2200181Ia 4500 | ||
|---|---|---|---|
| 001 | 14022 | ||
| 005 | 20260306164844.0 | ||
| 008 | 260306t2013||||xx |||||||||||||| ||spa|| | ||
| 041 | _aESP | ||
| 082 |
_a005.82 _bF98A |
||
| 100 |
_aFúster Sabater, Amparo _eAUT |
||
| 245 | 0 |
_aCriptografía, protección de datos y aplicaciones: _buna guía para estudiantes y profesionales |
|
| 260 | _c2013 | ||
| 300 |
_a364 páginas : _c28 cm. |
||
| 650 | _aGEN | ||
| 654 | _aCCC | ||
| 942 |
_cLIB _dJUS _fJUS _2ddc _n |
||
| 999 |
_c14022 _d14022 |
||